000 02428cam a2200337 4500500
005 20260405002645.0
041 _afre
042 _adc
100 1 0 _aArnauld de Sartre, Xavier
_eauthor
700 1 0 _aGuétat-Bernard, Hélène
_eauthor
700 1 0 _aDiniz Guerra, Gutemberg Armando
_eauthor
245 0 0 _aContrôle de la natalité et changement social des familles paysannes de fronts pionniers d'Amazonie orientale brésilienne
260 _c2006.
500 _a32
520 _aOn assiste, dans un front pionnier d’Amérique latine, à une forte réduction de la fécondité des familles paysannes. Après avoir mis en évidence ce phénomène, nous en questionnons les présupposés théoriques (interrogation sur la dynamique des rapports de genre, en particulier au sein des couples) et méthodologiques (en entrant par une méthode compréhensive d’entretiens de récit de vie et d’histoire de familles). Cela suppose d’interroger de près le fonctionnement des groupes familiaux en prenant en compte les évolutions sur plusieurs générations et les conséquences sur les dynamiques spatiales du front de colonisation.
520 _aBirth control and social change in small farming families at the pioneer fronts of the eastern Amazon Basin in Brazil A sharp fall in fecundity is occurring among smallholder farming families in a pioneer front area of Latin America. The Authors highlight this trend, then examine the theoretical presumptions (questions on the dynamics of gender relations, in particular within couples) and methodological assumptions (by an approach using a comprehensive method of life-story and family-history focused interviews). That supposes a close investigation of how family groups work by noting changes that take place over several generations and the consequences they have on the spatial dynamics of the colonization front.
690 _aagriculture familiale
690 _aBrésil
690 _achangement social
690 _adémographie
690 _afronts pionniers
690 _arapports de genre
690 _aBrazil
690 _ademography
690 _afamily-based agriculture
690 _agender relations
690 _aPioneer fronts
690 _asocial change
786 0 _nAutrepart | 39 | 3 | 2006-09-01 | p. 21-38 | 1278-3986
856 4 1 _uhttps://shs.cairn.info/revue-autrepart-2006-3-page-21?lang=fr&redirect-ssocas=7080
999 _c2059765
_d2059765